George Clooney or Brad Pitt Quiz Stats

 Plays Quiz Updated Nov 28, 2017

Challenge
Share
Tweet
Embed
Score 0/24 Timer 05:00
10 Plays Today
Question Answer Wrong Answers
Mr. & Mrs. Smith ???
95.4%
???
2.6%
Troy ???
94.7%
???
3.3%
Gravity ???
91.6%
???
6.3%
Interview with the Vampire ???
91.2%
???
6.8%
Inglourious Basterds ???
90.2%
???
7.9%
O Brother, Where Art Thou? ???
89.8%
???
8.1%
Moneyball ???
89.7%
???
8.3%
Up in the Air ???
88.7%
???
9.4%
Michael Clayton ???
88.4%
???
9.6%
Twelve Monkeys ???
86.2%
???
11.7%
Good Night, and Good Luck ???
85.2%
???
12.8%
Legends of the Fall ???
85%
???
13%
Thelma & Louise ???
84.2%
???
13.8%
The Descendants ???
83.7%
???
14.3%
12 Years a Slave ???
83.3%
???
14.7%
Syriana ???
82.8%
???
15.2%
Solaris ???
81%
???
17%
The Ides of March ???
79.6%
???
18.3%
From Dusk Till Dawn ???
78.7%
???
19.2%
Out of Sight ???
77.7%
???
20.2%
Babel ???
74.6%
???
23.3%
The Big Short ???
70.6%
???
27.4%
The Tree of Life ???
69%
???
29%
The Thin Red Line ???
61.7%
???
36.3%

You're not logged in!

Compare scores with friends on all Sporcle quizzes.
OR
Log In

You Might Also Like...

Show Comments

Extras

Top Quizzes Today


Score Distribution

Your Account Isn't Verified!

In order to create a playlist on Sporcle, you need to verify the email address you used during registration. Go to your Sporcle Settings to finish the process.

Report this User

Report this user for behavior that violates our Community Guidelines.

Details: